| 000 | 01031 a2200241 4500 | ||
|---|---|---|---|
| 999 |
_c6603 _d6603 |
||
| 003 | dpl | ||
| 005 | 20190424111548.0 | ||
| 008 | 080912t xxu||||| |||| 00| 0 hin d | ||
| 010 | _aHIN-80665 | ||
| 020 | _c450.00 | ||
| 035 | _aHN-53011, B-242320 | ||
| 037 | _bD.B.Act / pub | ||
| 040 | _c0 | ||
| 082 | _a305.4 | ||
| 100 | _aनीलम कुमारी | ||
| 245 |
_aमध्यम वर्गीय महिलाओं की सामाजिक स्थिति(पटना शहर के संदर्भ में) _cनीलम कुमारी |
||
| 246 |
_aMadhyam vergiya mahilaon ki samajik sthithi (Patana shahar ke sanderbh main) _bby Neelam Kumari |
||
| 260 |
_aपटना _bजानकी प्रकाशन _c2006 |
||
| 270 |
_aअशोक राजपथ,चौहट्टा _bपटना _e800004 |
||
| 300 |
_a212पृ _c22सेमी (सजिल्द) |
||
| 650 | _aWomen Condition | ||
| 942 |
_adpl _cHN _k305.4 / नीलम _2ddc _h305.4 _mनीलम |
||